000 00810nam1a22002411 4500
001 rc\3023424
005 20250807190220.0
035 _a(NLR Aleph) 007165211
090 _a88745
_c88745
100 _a20110928d1941 u y0rusy50 ca
101 0 _arus
102 _aRU
105 _ay z |||||
200 1 _aМлекопитающие Казахстана
_fКазахстанский филиал. Акад. наук СССР
210 _aАлма-Ата
_cКазОГИЗ
_d1941
801 0 _aRU
_bNLR
_gpsbo
801 1 _aRU
_bELAR
_2rusmarc
852 _aNLR
_jЗ02 Г-3/3(3)
942 _cBOOK
945 _aРоссийская национальная библиотека
_aНациональная библиотека Республики Казахстан
980 _aBV
980 _aNB